000 00830 a2200253 4500
999 _c3702
_d3702
003 Nust
005 20170105101223.0
008 161124b xxu||||| |||| 00| 0 eng d
020 _a0072506881
020 _a9780072506884
040 _a0
_c0
082 0 4 _a337
100 1 _aMaidment, Fred.
245 1 0 _aInternational business :
_b02/03 /
_cFred Maidment.
250 _a11th ed.
260 _a[S.l.] :
_bMcgraw-Hill College,
_c2001.
300 _a1 v. (unpaged) ;
_c28 cm.
490 1 _aInternational business, 2002-2003.
500 _aPaperback.
830 0 _aInternational business, 2002-2003.
856 4 0 _3Amazon.com
_uhttp://www.amazon.com/exec/obidos/ASIN/0072506881/chopaconline-20
856 4 0 _3Amazon customer reviews
_uhttp://www.chopac.org/cgi-bin/tools/azrev.pl?q=0072506881
942 _cBK
_k338.88 MAI
_2ddc